| 000 | 00734cam a2200229 4500 | ||
|---|---|---|---|
| 001 | WB3737-09 | ||
| 008 | 011003n2001 000 0 eng u | ||
| 035 | _a(Sirsi) u114981 | ||
| 245 | _aSoutheast rental slowdown | ||
| 260 | _c2001 | ||
| 490 |
_aRetail Property _v 28 September 2001, 27(1) |
||
| 520 | _aRetail rental growth has slowed in the south east, while Leeds, Swansea and Hull have seen the strongest rental growth. | ||
| 590 | _aWB | ||
| 650 | _aPROPERTY-COMMERCIAL PROPERTY-RETAIL PROPERTY-RETAIL PROPERTY MARKET | ||
| 650 | _aRENTAL GROWTH | ||
| 650 | _aLEEDS | ||
| 650 | _aHULL | ||
| 650 | _aSWANSEA | ||
| 650 | _aSOUTH EAST ENGLAND | ||
| 690 | _aPROPERTY-COMMERCIAL PROPERTY-RETAIL PROPERTY | ||
| 942 | _n0 | ||
| 999 |
_c68463 _d68463 |
||